Tracklist - $ome $exy $ongs 4 U By Drake & PARTYNEXTDOOR - Statistics

General Stats
  • This quiz has been taken 12 times
  • The average score is 12 of 21
Answer Stats
Artist(s) Song Title % Correct
Drake, PARTYNEXTDOOR CN TOWER
89%
Drake NOKIA
89%
Drake, PARTYNEXTDOOR, Yebba DIE TRYING
78%
Drake, PARTYNEXTDOOR GREEDY
78%
Drake, PARTYNEXTDOOR, Chino Pacas MEET YOUR PADRE
78%
Drake, PARTYNEXTDOOR, Pim PIMMIE’S DILEMMA
78%
Drake, PARTYNEXTDOOR MOTH BALLS
67%
Drake, PARTYNEXTDOOR OMW
67%
Drake RAINING IN HOUSTON
67%
Drake, PARTYNEXTDOOR SOMEBODY LOVES ME
67%
Drake, PARTYNEXTDOOR SPIDER-MAN SUPERMAN
67%
Drake BRIAN STEEL
56%
Drake CRYING IN CHANEL
56%
PARTYNEXTDOOR DEEPER
56%
Drake, PARTYNEXTDOOR GLORIOUS
56%
Drake, PARTYNEXTDOOR LASERS
56%
Drake, PARTYNEXTDOOR SOMETHING ABOUT YOU
56%
Drake GIMME A HUG
44%
Drake SMALL TOWN FAME
44%
Drake, PARTYNEXTDOOR CELIBRACY
0%
Drake, PARTYNEXTDOOR WHEN HE’S DONE
0%
No matching quizzes found
Score Distribution
Percent of People with Each Score
Percentile by Number Answered
Your Score History
You have not taken this quiz